000 00365nam a2200145Ia 4500
008 221030s9999 xx 000 0 und d
041 _aEnglish
082 _a105.23
100 _a-
245 0 _aIndian Electronics Directory 2006 -- All India Buyer`s Guide
_cby -
260 _bIED Communications Ltd.
_aMumbai
_c2006
300 _a574
650 _aECE
942 _cBK
999 _c480
_d480